A XIV. Szegedi Nyári Tárlat

Elmentve itt :
Bibliográfiai részletek
Szerző: Tandi Lajos
Dokumentumtípus: Cikk
Megjelent: 1973-07-24
Sorozat:Délmagyarország 63 No. 171
Kulcsszavak:műgyűjtők kiállítása
Online Access:http://dmarchiv.bibl.u-szeged.hu/122005
LEADER 00456nab a2200157 i 4500
001 delm122005
005 20190329141129.0
008 190329s1973 hu o 0|| hun d
040 |a SZTE Délmagyarország Archívum  |b hun 
041 |a hun 
100 1 |a Tandi Lajos 
245 1 2 |a A XIV. Szegedi Nyári Tárlat  |h [elektronikus dokumentum] /  |c  Tandi Lajos 
260 |c 1973-07-24 
300 |a 5 
490 0 |a Délmagyarország  |v 63 No. 171 
695 |a műgyűjtők kiállítása